[Event "Charlotte Super op"]
[Site "Charlotte"]
[Date "2023.07.13"]
[Round "8"]
[White "Fedorowicz, John P"]
[Black "Sriniaiyer, Sudarshan"]
[Result "1/2-1/2"]
[WhiteElo "2388"]
[BlackElo "2296"]
[PlyCount "27"]
[EventDate "2023.07.09"]
[EventType "swiss"]
[EventRounds "9"]
[EventCountry "USA"]
[SourceTitle "CBM 215 Extra"]
[Source "ChessBase"]
[SourceDate "2023.09.30"]
[SourceVersion "1"]
[SourceVersionDate "2023.09.30"]
[SourceQuality "1"]

1. e4 c5 2. Nc3 Nc6 3. Nge2 d6 4. d4 cxd4 5. Nxd4 Nf6 6. Be2 g6 7. Nb3 Bg7 8. 0-0 0-0 9. Bg5 a6 10. a4 Bd7 11. Kh1 Rc8 12. f4 Be6 13. Bf3 Nd7 14. a5 1/2-1/2

[Event "Philadelphia op 16th"]
[Site "Philadelphia"]
[Date "2023.06.27"]
[Round "8"]
[White "Flom, Gabriel"]
[Black "Sriniaiyer, Sudarshan"]
[Result "1-0"]
[WhiteElo "2442"]
[BlackElo "2228"]
[PlyCount "73"]
[EventDate "2023.06.24"]
[EventType "swiss"]
[EventRounds "9"]
[EventCountry "USA"]
[SourceTitle "CBM 215 Extra"]
[Source "ChessBase"]
[SourceDate "2023.09.30"]
[SourceVersion "1"]
[SourceVersionDate "2023.09.30"]
[SourceQuality "1"]

1. d4 d5 2. c4 e6 3. Nc3 Nf6 4. cxd5 exd5 5. Bg5 c6 6. e3 h6 7. Bh4 Be7 8. Bd3 0-0 9. Bg3 Re8 10. Nf3 Nbd7 11. h3 Bb4 12. 0-0 Ne4 13. Bxe4 dxe4 14. Nd2 Nf6 15. a3 Bd6 16. Bh4 Bf5 17. f4 c5 18. Nb3 cxd4 19. Nxd4 Bh7 20. Qb3 Be7 21. Qxb7 Rb8 22. Qxa7 Rxb2 23. Nc6 Qd2 24. Rf2 Qxc3 25. Nxe7+ Kf8 26. Bxf6 gxf6 27. Nd5 Qb3 28. Nxf6 Rxf2 29. Qc5+ Re7 30. Qc8+ Re8 31. Qxe8+ Kg7 32. Kxf2 Qb2+ 33. Kg3 Qxa1 34. Nh5+ Kg6 35. Kh4 Qe1+ 36. g3 Qxe3 37. Qc6+ 1-0

[Event "Charlotte Carolinas op"]
[Site "Charlotte"]
[Date "2023.06.10"]
[Round "2"]
[White "Sriniaiyer, Sudarshan"]
[Black "Corrales Jimenez, Fidel"]
[Result "0-1"]
[WhiteElo "2228"]
[BlackElo "2509"]
[PlyCount "100"]
[EventDate "2023.06.09"]
[EventType "swiss"]
[EventRounds "5"]
[EventCountry "USA"]
[SourceTitle "CBM 214 Extra"]
[Source "ChessBase"]
[SourceDate "2023.07.31"]
[SourceVersion "1"]
[SourceVersionDate "2023.07.31"]
[SourceQuality "1"]

1. d4 Nf6 2. c4 e6 3. Nc3 Bb4 4. e3 0-0 5. Bd3 d5 6. a3 Bxc3+ 7. bxc3 c6 8. a4 b6 9. Ba3 Re8 10. cxd5 cxd5 11. Bb5 Bd7 12. Nf3 Qc7 13. Bb2 Bxb5 14. axb5 Ne4 15. Qd3 Rc8 16. 0-0 Nd7 17. Ra3 Nd6 18. Nd2 Nf6 19. Rfa1 Qd7 20. Rb3 Nc4 21. f3 Rc7 22. Rb4 Nxd2 23. Qxd2 Ne8 24. Qd3 Nd6 25. Bc1 Rac8 26. Rb3 Rc4 27. Rab1 Qc7 28. Bd2 Ra4 29. Be1 Nc4 30. Qe2 Qe7 31. Rb4 Ra5 32. Bg3 Ra3 33. Be1 Qg5 34. e4 h6 35. R4b3 Ra5 36. Rd1 Qe3+ 37. Qxe3 Nxe3 38. Rd2 Ra1 39. Re2 Nd1 40. Rc2 f5 41. exf5 exf5 42. Re2 f4 43. g3 Nxc3 44. Re5 Nd1 45. gxf4 Rc2 46. Rd3 Nf2 47. Rde3 Nh3+ 48. Kh1 Nxf4 49. h4 Kh7 50. h5 Ng2 0-1

[Event "Foxwoods op 15th"]
[Site "Ledyard"]
[Date "2023.04.08"]
[Round "6"]
[White "Ho, Cooper"]
[Black "Sriniaiyer, Sudarshan"]
[Result "0-1"]
[WhiteElo "2110"]
[BlackElo "2211"]
[PlyCount "80"]
[EventDate "2023.04.05"]
[EventType "swiss"]
[EventRounds "9"]
[EventCountry "USA"]
[SourceTitle "CBM 213 Extra"]
[Source "ChessBase"]
[SourceDate "2023.05.31"]
[SourceVersion "1"]
[SourceVersionDate "2023.05.31"]
[SourceQuality "1"]

1. e4 c5 2. Nf3 Nc6 3. d4 cxd4 4. Nxd4 e5 5. Nb5 d6 6. N1c3 a6 7. Na3 Be6 8. Nd5 Nf6 9. Bg5 Bxd5 10. Qxd5 Nxd5 11. Bxd8 Rxd8 12. exd5 Nb8 13. Nc4 Rc8 14. 0-0-0 b5 15. Nd2 Be7 16. h4 f5 17. g3 0-0 18. f4 e4 19. Nb3 Bf6 20. Bh3 g6 21. g4 Rc7 22. gxf5 gxf5 23. Rhg1+ Kh8 24. h5 Nd7 25. h6 Nb6 26. Bxf5 Nc4 27. Bxe4 Bxb2+ 28. Kb1 Bf6 29. Bd3 Ne3 30. Rde1 Nxd5 31. Re6 Rd7 32. Bf5 Rdd8 33. Rg4 Nc3+ 34. Kc1 Nxa2+ 35. Kd1 Nc3+ 36. Kd2 Nd5 37. Be4 Nxf4 38. Rxf4 Bg5 39. Nd4 Rxf4 40. Kd3 Rf6 0-1

[Event "Charlotte op"]
[Site "Charlotte"]
[Date "2023.01.16"]
[Round "6"]
[White "Grabinsky, Aaron"]
[Black "Sriniaiyer, Sudarshan"]
[Result "1-0"]
[WhiteElo "2417"]
[BlackElo "2129"]
[PlyCount "101"]
[EventDate "2023.01.14"]
[EventType "swiss"]
[EventRounds "6"]
[EventCountry "USA"]
[SourceTitle "CBM 212 Extra"]
[Source "ChessBase"]
[SourceDate "2023.03.31"]
[SourceVersion "1"]
[SourceVersionDate "2023.03.31"]
[SourceQuality "1"]

1. e4 c5 2. Nf3 Nc6 3. Bb5 g6 4. Bxc6 bxc6 5. 0-0 Bg7 6. Re1 Qc7 7. c3 d6 8. d4 cxd4 9. cxd4 Bg4 10. Be3 Rb8 11. b3 c5 12. Nc3 Bxf3 13. gxf3 Qd7 14. Rc1 cxd4 15. Bxd4 Nf6 16. Nd5 Nxd5 17. exd5 Bxd4 18. Qxd4 0-0 19. Re4 e5 20. Qe3 Rb5 21. Qh6 Rxd5 22. Rh4 f6 23. Rhc4 Rc5 24. Rxc5 dxc5 25. Rxc5 g5 26. Rc4 Qe7 27. Qh3 Rd8 28. Qf5 Kg7 29. Qe4 Rd7 30. Kg2 Rc7 31. b4 Rxc4 32. Qxc4 f5 33. a4 e4 34. fxe4 fxe4 35. b5 Qe5 36. Qb3 Qc7 37. Qd5 Qf4 38. Qd4+ Kh6 39. a5 Qf3+ 40. Kg1 e3 41. fxe3 Qe2 42. b6 axb6 43. axb6 g4 44. Qf4+ Kh5 45. b7 Qd1+ 46. Kf2 Qd2+ 47. Kg3 Qe1+ 48. Qf2 Qb1 49. Qf7+ Kh6 50. Qf6+ Kh5 51. Qe5+ 1-0

[Event "Dulles Cherry Blossom op"]
[Site "Dulles"]
[Date "2022.05.29"]
[Round "6"]
[White "Sriniaiyer, Sudarshan"]
[Black "Prem, Pranav"]
[Result "1/2-1/2"]
[WhiteElo "2181"]
[BlackElo "2017"]
[PlyCount "89"]
[EventDate "2022.05.26"]
[EventType "swiss"]
[EventRounds "9"]
[EventCountry "USA"]
[SourceTitle "CBM 208 Extra"]
[Source "ChessBase"]
[SourceDate "2022.07.31"]
[SourceVersion "1"]
[SourceVersionDate "2022.07.31"]
[SourceQuality "1"]

1. d4 d5 2. c4 e6 3. Nf3 Nf6 4. Nc3 Be7 5. Bf4 c6 6. e3 Nbd7 7. h3 0-0 8. Bd3 b6 9. cxd5 exd5 10. 0-0 Bb7 11. Ne5 Nxe5 12. dxe5 Nd7 13. Qg4 g6 14. Rad1 Nc5 15. Bb1 f5 16. exf6 Bxf6 17. e4 d4 18. e5 Bc8 19. Qg3 Bg7 20. Ne4 Bf5 21. Nd6 Bxb1 22. Rxb1 a5 23. Rbd1 Qe7 24. Rfe1 Ne6 25. Bc1 Kh8 26. a4 c5 27. h4 Nc7 28. Re4 Qe6 29. Rde1 Rad8 30. Bg5 Rd7 31. Qd3 Nd5 32. Qb5 Nb4 33. Bd2 Nd5 34. Qe2 Ne7 35. h5 Nf5 36. Nxf5 Rxf5 37. h6 Bf8 38. Qa6 Re7 39. g4 Rf3 40. Kg2 Ref7 41. Qe2 Rxf2+ 42. Qxf2 Rxf2+ 43. Kxf2 Be7 44. Kg2 Kg8 45. R1e2 1/2-1/2

[Event "Charlotte CCCSA Spring IM-D"]
[Site "Charlotte"]
[Date "2022.03.20"]
[Round "9"]
[White "Sriniaiyer, Sudarshan"]
[Black "Huston, Gus"]
[Result "1/2-1/2"]
[WhiteElo "2209"]
[BlackElo "2319"]
[PlyCount "62"]
[EventDate "2022.03.16"]
[EventType "tourn"]
[EventRounds "9"]
[EventCountry "USA"]
[EventCategory "1"]
[SourceTitle "CBM 207 Extra"]
[Source "ChessBase"]
[SourceDate "2022.05.31"]
[SourceVersion "1"]
[SourceVersionDate "2022.05.31"]
[SourceQuality "1"]

1. d4 Nf6 2. c4 e6 3. Nf3 d5 4. Nc3 c6 5. g3 Nbd7 6. Bg2 dxc4 7. 0-0 Be7 8. e4 0-0 9. Bf4 b5 10. d5 exd5 11. exd5 Nxd5 12. Nxd5 cxd5 13. Qxd5 Nb6 14. Qxb5 Bb7 15. Rfe1 Bf6 16. Rad1 Qc8 17. Be5 Bxe5 18. Nxe5 Bxg2 19. Kxg2 Qf5 20. a4 f6 21. Nd7 Qxb5 22. axb5 Rfd8 23. Nxb6 axb6 24. Rxd8+ Rxd8 25. Re6 Rd2 26. Rxb6 Rxb2 27. Rc6 Rxb5 28. Rc8+ Kf7 29. Rc7+ Kg6 30. Rxc4 h5 31. h4 Ra5 1/2-1/2

[Event "Charlotte CCCSA Spring IM-D"]
[Site "Charlotte"]
[Date "2022.03.18"]
[Round "5"]
[White "Sriniaiyer, Sudarshan"]
[Black "Rodriguez Rivera, Pedro"]
[Result "1-0"]
[WhiteElo "2209"]
[BlackElo "2190"]
[PlyCount "129"]
[EventDate "2022.03.16"]
[EventType "tourn"]
[EventRounds "9"]
[EventCountry "USA"]
[EventCategory "1"]
[SourceTitle "CBM 207 Extra"]
[Source "ChessBase"]
[SourceDate "2022.05.31"]
[SourceVersion "1"]
[SourceVersionDate "2022.05.31"]
[SourceQuality "1"]

1. Nf3 d6 2. g3 e5 3. d3 g6 4. Bg2 Bg7 5. c4 Ne7 6. Nc3 Nbc6 7. Rb1 f5 8. 0-0 h6 9. e4 Be6 10. Nd5 Qd7 11. b4 0-0 12. b5 Nd8 13. Nh4 Nxd5 14. cxd5 Bf7 15. Bh3 a6 16. exf5 g5 17. Bg4 Bf6 18. Ng6 Bxd5 19. Nxf8 Kxf8 20. a4 axb5 21. axb5 Ra5 22. Qc2 Nf7 23. b6 c6 24. Be3 h5 25. Bxh5 Qxf5 26. f3 Ra3 27. Bg4 Qxd3 28. Qxd3 Rxd3 29. Kf2 e4 30. Bf5 Ne5 31. fxe4 Bb3 32. Rbc1 Nc4 33. e5 Rxe3 34. exf6 Re5 35. Bc8 Rb5 36. Bxb7 Rxb6 37. Bc8 Ne5 38. Rb1 Kf7 39. Ke3 Bc4 40. Rxb6 Bxf1 41. Ba6 Bg2 42. Rb2 Bd5 43. Be2 g4 44. Kf4 Kxf6 45. Rd2 Ke6 46. Bxg4+ Nxg4 47. Kxg4 Ke5 48. h4 Be4 49. Re2 d5 50. h5 c5 51. Kg5 d4 52. h6 d3 53. h7 dxe2 54. h8Q+ Kd5 55. Qc3 c4 56. Kf4 Bd3 57. Ke3 Ke6 58. Kd2 Kf5 59. Qd4 Kg5 60. Ke1 Kf5 61. Qf4+ Ke6 62. g4 Kd5 63. Qe3 Kc6 64. g5 Kb5 65. g6 1-0

[Event "Charlotte op"]
[Site "Charlotte"]
[Date "2021.12.26"]
[Round "1"]
[White "Sriniaiyer, Sudarshan"]
[Black "Ali Marandi, Cemil Can"]
[Result "1/2-1/2"]
[WhiteElo "2226"]
[BlackElo "2542"]
[PlyCount "113"]
[EventDate "2021.12.26"]
[EventType "swiss"]
[EventRounds "9"]
[EventCountry "USA"]
[SourceTitle "CBM 205 Extra"]
[Source "ChessBase"]
[SourceDate "2022.01.31"]
[SourceVersion "1"]
[SourceVersionDate "2022.01.31"]
[SourceQuality "1"]

1. d4 e6 2. c4 b6 3. a3 d5 4. cxd5 exd5 5. Nc3 Nf6 6. Bg5 Be7 7. e3 0-0 8. Bd3 h6 9. Bh4 c5 10. Nge2 Nc6 11. 0-0 cxd4 12. Nxd4 Ne5 13. Be2 Bb7 14. Nf5 Ng6 15. Nxe7+ Qxe7 16. Bg3 Rfd8 17. Rc1 Ne5 18. Nb5 Nc6 19. Nd4 Nxd4 20. Qxd4 Rac8 21. b4 Ne4 22. Rfd1 Qe6 23. f3 Nd6 24. Bxd6 Qxd6 25. f4 Qe7 26. Bg4 Rxc1 27. Rxc1 Ba6 28. g3 Bc4 29. e4 b5 30. Rd1 a5 31. Bf3 axb4 32. axb4 Qxb4 33. exd5 Qd6 34. Ra1 Rc8 35. Qe5 Qc5+ 36. Kg2 Rd8 37. Rd1 b4 38. d6 Qc8 39. Qd4 Qa6 40. Rc1 Be6 41. Qxb4 Rxd6 42. Qb8+ Kh7 43. Qb1+ g6 44. Rd1 Rb6 45. Qa1 Qc8 46. Rd2 Rb3 47. Qd4 Qc1 48. h4 h5 49. Qf2 Qc3 50. Be4 Qc4 51. Bf3 Qb4 52. Re2 Qb5 53. Re5 Qb4 54. Kh2 Qc3 55. Bg2 Bg4 56. Rc5 Qf6 57. Rc2 1/2-1/2

[Event "Titled Tuesday intern op 07th Sept"]
[Site "Chess.com INT"]
[Date "2021.09.07"]
[Round "9"]
[White "Skliarov, Viktor"]
[Black "Sriniaiyer, Sudarshan"]
[Result "1-0"]
[WhiteElo "2387"]
[BlackElo "2129"]
[PlyCount "79"]
[EventDate "2021.09.07"]
[EventType "swiss (blitz)"]
[EventRounds "11"]
[EventCountry "USA"]
[SourceTitle "EXT 2022"]
[Source "ChessBase"]
[SourceDate "2021.10.06"]
[SourceVersion "1"]
[SourceVersionDate "2021.10.06"]
[SourceQuality "1"]

1. e4 c5 2. Nf3 e6 3. c3 d5 4. e5 d4 5. cxd4 cxd4 6. Bb5+ Nc6 7. Bxc6+ bxc6 8. d3 c5 9. 0-0 Ne7 10. Nbd2 Nd5 11. Ne4 Be7 12. Bg5 0-0 13. Bxe7 Qxe7 14. Rc1 Nb4 15. Nxc5 Nxa2 16. Rc4 Nb4 17. Nxd4 Rd8 18. Qh5 h6 19. Rfc1 a5 20. h3 Ba6 21. Rxb4 axb4 22. Nc6 Qc7 23. Nxd8 Rxd8 24. Qd1 Qb6 25. Nxa6 Qxa6 26. Qb3 Qxd3 27. Qxb4 Qe2 28. Qe7 Rf8 29. b4 Qxe5 30. Rd1 Qb5 31. Rd7 Qf5 32. h4 Rc8 33. Rd1 Rc2 34. Rf1 Rc4 35. g3 Qb5 36. Qd8+ Kh7 37. Qe7 Qf5 38. Qd8 Qb5 39. Qe7 Qf5 40. Qf8 1-0

[Event "Titled Tuesday intern op 07th Sept"]
[Site "Chess.com INT"]
[Date "2021.09.07"]
[Round "1"]
[White "Sriniaiyer, Sudarshan"]
[Black "Alavkin, Arseny Nailievich"]
[Result "1/2-1/2"]
[WhiteElo "2129"]
[BlackElo "2373"]
[PlyCount "120"]
[EventDate "2021.09.07"]
[EventType "swiss (blitz)"]
[EventRounds "11"]
[EventCountry "USA"]
[SourceTitle "EXT 2022"]
[Source "ChessBase"]
[SourceDate "2021.10.06"]
[SourceVersion "1"]
[SourceVersionDate "2021.10.06"]
[SourceQuality "1"]

1. Nf3 Nf6 2. d4 g6 3. c4 Bg7 4. Nc3 0-0 5. e4 d6 6. Be2 Na6 7. Be3 e5 8. 0-0 Ng4 9. Bg5 Qe8 10. dxe5 dxe5 11. Rb1 f6 12. Bc1 c6 13. b4 Nc7 14. Ba3 b6 15. Qc2 Nh6 16. Rbd1 Nf7 17. b5 c5 18. Nd5 Ne6 19. Bb2 Bb7 20. a4 Rd8 21. a5 Nd4 22. Bxd4 exd4 23. axb6 Bxd5 24. exd5 axb6 25. Ra1 Nd6 26. Bd3 Qd7 27. Ra6 Rb8 28. Rfa1 Rfe8 29. h3 f5 30. Ng5 Ne4 31. Bxe4 fxe4 32. Nxe4 d3 33. Qxd3 Bxa1 34. Rxa1 Qf5 35. f3 Qe5 36. Rd1 Ra8 37. d6 Red8 38. d7 Ra7 39. Qd5+ Qxd5 40. Rxd5 Kg7 41. Rd6 Rb7 42. Nf6 Kf7 43. Nxh7 Rdxd7 44. Ng5+ Kg7 45. Rc6 Kh6 46. Ne6 Rd1+ 47. Kh2 Rc1 48. Nf4 Rxc4 49. Nxg6 Rb4 50. Ne7+ Kh7 51. Nd5 Rxb5 52. Nf6+ Kg7 53. Ne8+ Kf7 54. Nd6+ Ke6 55. Nxb5+ Kd5 56. Rd6+ Kc4 57. Na3+ Kb3 58. Nb5 Kc4 59. Na3+ Kb3 60. Nb5 Kc4 1/2-1/2

[Event "Titled Tuesday intern op 07th Sept"]
[Site "Chess.com INT"]
[Date "2021.09.07"]
[Round "3"]
[White "Sriniaiyer, Sudarshan"]
[Black "Baches Garcia, Guillermo"]
[Result "1-0"]
[WhiteElo "2129"]
[BlackElo "2329"]
[PlyCount "73"]
[EventDate "2021.09.07"]
[EventType "swiss (blitz)"]
[EventRounds "11"]
[EventCountry "USA"]
[SourceTitle "EXT 2022"]
[Source "ChessBase"]
[SourceDate "2021.10.06"]
[SourceVersion "1"]
[SourceVersionDate "2021.10.06"]
[SourceQuality "1"]

1. Nf3 d5 2. c4 d4 3. g3 g6 4. Bg2 Bg7 5. d3 e5 6. 0-0 c5 7. b4 cxb4 8. a3 b3 9. Qxb3 Ne7 10. a4 Nbc6 11. Ba3 0-0 12. Nbd2 Re8 13. Ne4 Nf5 14. Rab1 Bf8 15. Bxf8 Kxf8 16. Qa3+ Kg7 17. Nfd2 h5 18. c5 h4 19. Nc4 hxg3 20. hxg3 Rh8 21. Ncd6 Nxd6 22. Nxd6 Bh3 23. Rxb7 Ne7 24. Qb3 Qf8 25. Rc7 Rd8 26. Rxa7 Bxg2 27. Kxg2 Rh5 28. Rh1 Rxh1 29. Kxh1 Rb8 30. Rb7 Rd8 31. a5 Ra8 32. a6 Rxa6 33. Rb8 Nc8 34. Rxc8 Qe7 35. Qb7 Ra1+ 36. Kg2 Qf6 37. Rc7 1-0